<?xml version="1.0" encoding="UTF-8"?>
<collection xmlns="http://www.loc.gov/MARC21/slim">
 <record>
  <leader>02472pam a22004698a 4500</leader>
  <controlfield tag="001">00034594</controlfield>
  <controlfield tag="005">20171026081025.0</controlfield>
  <controlfield tag="008">161010s                      ||||||Viesd</controlfield>
  <datafield tag="020" ind1="#" ind2="#">
   <subfield code="c">32000</subfield>
   <subfield code="a">978 604 62 5263 4</subfield>
  </datafield>
  <datafield tag="041" ind1="0" ind2="#">
   <subfield code="a">Vie</subfield>
  </datafield>
  <datafield tag="082" ind1="1" ind2="4">
   <subfield code="a">372.19</subfield>
   <subfield code="b">V460Ô</subfield>
  </datafield>
  <datafield tag="245" ind1="1" ind2="0">
   <subfield code="a">Vở ôn tập hè lớp 5</subfield>
   <subfield code="c">Phan Thị Tình; Đinh Thị Thu Huyền; Trịnh Thị Phương Thảo... [Và những người khác]</subfield>
   <subfield code="b">Toán- Tiếng Việt- Giáo dục lối sống. Dành cho học lớp 5. Học vui -Vui học trong hè</subfield>
  </datafield>
  <datafield tag="260" ind1="#" ind2="#">
   <subfield code="a">Hà Nội</subfield>
   <subfield code="b">ĐHQG Hà Nội</subfield>
  </datafield>
  <datafield tag="300" ind1="#" ind2="#">
   <subfield code="a">100 tr.</subfield>
   <subfield code="c">24 cm.</subfield>
  </datafield>
  <datafield tag="653" ind1="#" ind2="#">
   <subfield code="a">Tiểu học</subfield>
  </datafield>
  <datafield tag="653" ind1="#" ind2="#">
   <subfield code="a">Tiếng Việt</subfield>
  </datafield>
  <datafield tag="653" ind1="#" ind2="#">
   <subfield code="a">Kỹ năng sống</subfield>
  </datafield>
  <datafield tag="653" ind1="#" ind2="#">
   <subfield code="a">Học Sinh</subfield>
  </datafield>
  <datafield tag="653" ind1="#" ind2="#">
   <subfield code="a">Giáo dục</subfield>
  </datafield>
  <datafield tag="653" ind1="#" ind2="#">
   <subfield code="a">Toán</subfield>
  </datafield>
  <datafield tag="653" ind1="#" ind2="#">
   <subfield code="a">Ôn tập hè</subfield>
  </datafield>
  <datafield tag="700" ind1="1" ind2="#">
   <subfield code="a">Lê, Thị Tuyết Trinh</subfield>
  </datafield>
  <datafield tag="700" ind1="1" ind2="#">
   <subfield code="a">Nguyễn, Hữu Hợp</subfield>
  </datafield>
  <datafield tag="700" ind1="1" ind2="#">
   <subfield code="a">Nguyễn, Thị Thanh Hương</subfield>
  </datafield>
  <datafield tag="700" ind1="1" ind2="#">
   <subfield code="a">Nguyễn, Thị Thúy Hằng</subfield>
  </datafield>
  <datafield tag="700" ind1="1" ind2="#">
   <subfield code="a">Nguyễn, Xuân Huy</subfield>
  </datafield>
  <datafield tag="700" ind1="1" ind2="#">
   <subfield code="a">Phan, Thị Tình</subfield>
  </datafield>
  <datafield tag="700" ind1="1" ind2="#">
   <subfield code="a">Trịnh, Thị Phương Thảo</subfield>
  </datafield>
  <datafield tag="700" ind1="1" ind2="#">
   <subfield code="a">Đinh, Thị Thu Huyền</subfield>
  </datafield>
  <datafield tag="852" ind1="#" ind2="#">
   <subfield code="b">Kho mượn</subfield>
   <subfield code="j">KGT.0051338, KGT.0051339, KGT.0051340, KGT.0051341, KGT.0051342, KGT.0051343, KGT.0051344, KGT.0051345, KGT.0051346, KGT.0051347, KGT.0051348, KGT.0051349, KGT.0051350, KGT.0051351, KGT.0051352, KGT.0051353, KGT.0051354, KGT.0051355, KGT.0051356, KGT.0051357, KGT.0051358, KGT.0051359, KGT.0051360, KGT.0051361, KGT.0051362, KGT.0051363, KGT.0051364, KGT.0051365, KGT.0051366, KGT.0051381, KGT.0051382, KGT.0051383, KGT.0051384, KGT.0051385, KGT.0051386, KGT.0051387, KGT.0051388, KGT.0051389, KGT.0051390, KGT.0051391, KGT.0051392, KGT.0051393, KGT.0051394, KGT.0051395, KGT.0051396</subfield>
  </datafield>
  <datafield tag="852" ind1="#" ind2="#">
   <subfield code="b">Kho đọc</subfield>
   <subfield code="j">KD.0018551</subfield>
  </datafield>
  <datafield tag="852" ind1="#" ind2="#">
   <subfield code="j">KGT.0051339</subfield>
   <subfield code="j">KGT.0051341</subfield>
   <subfield code="j">KGT.0051342</subfield>
   <subfield code="j">KGT.0051344</subfield>
   <subfield code="j">KGT.0051345</subfield>
   <subfield code="j">KGT.0051347</subfield>
   <subfield code="j">KGT.0051348</subfield>
   <subfield code="j">KGT.0051350</subfield>
   <subfield code="j">KGT.0051381</subfield>
   <subfield code="j">KGT.0051383</subfield>
   <subfield code="j">KGT.0051384</subfield>
   <subfield code="j">KD.0018551</subfield>
   <subfield code="j">KGT.0051386</subfield>
   <subfield code="j">KGT.0051387</subfield>
   <subfield code="j">KGT.0051389</subfield>
   <subfield code="j">KGT.0051390</subfield>
   <subfield code="j">KGT.0051392</subfield>
   <subfield code="j">KGT.0051394</subfield>
   <subfield code="j">KGT.0051395</subfield>
   <subfield code="j">KGT.0051338</subfield>
   <subfield code="j">KGT.0051340</subfield>
   <subfield code="j">KGT.0051343</subfield>
   <subfield code="j">KGT.0051346</subfield>
   <subfield code="j">KGT.0051349</subfield>
   <subfield code="j">KGT.0051382</subfield>
   <subfield code="j">KGT.0051385</subfield>
   <subfield code="j">KGT.0051388</subfield>
   <subfield code="j">KGT.0051391</subfield>
   <subfield code="j">KGT.0051393</subfield>
   <subfield code="j">KGT.0051396</subfield>
  </datafield>
  <datafield tag="910" ind1=" " ind2=" ">
   <subfield code="d">10/10/2016</subfield>
  </datafield>
  <datafield tag="980" ind1="#" ind2="#">
   <subfield code="a">Trung tâm Học liệu Lê Vũ Hùng, Trường Đại học Đồng Tháp</subfield>
  </datafield>
 </record>
</collection>
